000 00659nam a22002177a 4500
001 48340
003 UA-OsUOA
005 20211014184615.0
007 ta
008 20070904b un ||||| |||| 00| 0 ukr d
040 _aUA-OsUOA
_brus
_cUA-OsUOA
_dUA-OsUOA
041 _arus
080 _a82.09
090 _a82.09
_bР89
245 _aРусская литература в историко-функциональном освещении
_cотв. ред. Осьмаков Н. В.
260 _aМ.
_bНаука
_c1979
300 _a301 с.
650 7 _a82 Література. Літературознавство
_2UDC
942 _cBK
_2udc
955 _a2
999 _c334443
_d334443